• 首页
  • 本馆介绍
  • 公告通知
  • 最新文献
  • 馆藏检索
  • 电子资源
  • 读者导购
  • 参考咨询
  • 我的图书馆
  • 登录
  • 详细信息显示
  • 放入我的书架
  • 预约/预借图书
  • 作者相关作品
  • 分类相关作品
  • 丛书相关作品
  • 出版社相关作品

书目信息

  • 表格格式
  • 工作单格式
  • 卡片格式
题名:
新编实用中药彩色图谱
    
 
作者: 郭长强 , 闫雪生 , 张会敏 主编
分册:  
出版信息: 北京   化学工业出版社  2013.07
页数: 428页
开本: 19cm
丛书名:
单 册:
中图分类: R282.7-64
科图分类:
主题词: 中草药--图谱 , 中草药
电子资源:
ISBN: 978-7-122-16213-7
000 00990nam0 2200277 450
001 012013977281
005 20140610085325.10
010    @a978-7-122-16213-7@dCNY49.00
100    @a20130924d2013 em y0chiy0110 ea
101 0  @achi
102    @aCN@b110000
105    @aa z 001yy
106    @ar
200 1  @a新编实用中药彩色图谱@9xin bian shi yong zhong yao cai se tu pu@f郭长强,闫雪生,张会敏主编
210    @a北京@c化学工业出版社@d2013.07
215    @a428页@d19cm
330    @a本书按照中药品类分类,收集401余种常用中药饮片,对其来源、饮片特征、功效、性味、使用注意、验方进行说明,收录了600多幅精致饮片照片,近800个精选验方。
333    @a本书适用于从事中药鉴定与研究的相关人员以及普通中药爱好者
606 0  @a中草药@j图谱
606 0  @a中草药
690    @aR282.7-64@v5
701  0 @a郭长强@9guo chang qiang@4主编
701  0 @a闫雪生@9yan xue sheng@4主编
701  0 @a张会敏@9zhang hui min@4主编
801  0 @aCN@b人天书店@c20130924
905    @b846857-59@dR282.7-64@e315@f3
    
    新编实用中药彩色图谱/郭长强,闫雪生,张会敏主编.-北京:化学工业出版社,2013.07
    428页;19cm
    使用对象:本书适用于从事中药鉴定与研究的相关人员以及普通中药爱好者
    
    ISBN 978-7-122-16213-7:CNY49.00
    本书按照中药品类分类,收集401余种常用中药饮片,对其来源、饮片特征、功效、性味、使用注意、验方进行说明,收录了600多幅精致饮片照片,近800个精选验方。
●
相关链接 在E读中查询图书 在五车中查询图书 在当当中查询图书 在豆瓣中查询图书


正题名:新编实用中药彩色图谱     索取号:R282.7-64/315         预约/预借

序号 登录号 条形码 馆藏地/架位号 状态 备注
1 846857   208468576   第二样本阅览室/ [索取号:R282.7-64/315] 在馆    
2 846858   208468585   第三借阅区/ [索取号:R282.7-64/315] 在馆    
3 846859   208468594   密集书库-生命科学系/ [索取号:R282.7-64/315] 在馆    
唐山师范学院图书馆 欢迎您!
大连网信软件有限公司© 版权所有